[Event "US Haring Girls op 120th"]
[Site "Orlando"]
[Date "2019.08.04"]
[Round "2"]
[White "Samadashvili, Martha"]
[Black "Hu, Emily Jia"]
[Result "1-0"]
[WhiteElo "2086"]
[BlackElo "1806"]
[PlyCount "119"]
[EventDate "2019.08.03"]
[EventType "swiss"]
[EventRounds "6"]
[EventCountry "USA"]
[SourceTitle "EXT 2020"]
[Source "ChessBase"]
[SourceDate "2019.10.17"]
[SourceVersion "1"]
[SourceVersionDate "2019.10.17"]
[SourceQuality "1"]

1. e4 e5 2. Nf3 Nc6 3. Bc4 Be7 4. 0-0 Nf6 5. d3 0-0 6. c3 d5 7. exd5 Nxd5 8. Re1 Bf6 9. Nbd2 Nb6 10. Bb5 Bf5 11. Ne4 Bxe4 12. dxe4 Ne7 13. Qxd8 Rfxd8 14. a4 a6 15. Bf1 Ng6 16. Be3 Nc8 17. Rad1 Rxd1 18. Rxd1 Nd6 19. Nd2 Nf8 20. f3 Ne6 21. Nb3 Rd8 22. g3 h5 23. Rd5 g6 24. c4 Kf8 25. c5 Nc8 26. c6 b6 27. Bxa6 Na7 28. Bb7 Ke8 29. a5 Rxd5 30. exd5 Nd4 31. axb6 cxb6 32. Nd2 Kd8 33. Ne4 Bg7 34. Kf2 Bf8 35. Bxd4 exd4 36. d6 f5 37. c7+ Kd7 38. Nf6+ Kxd6 39. c8Q Nxc8 40. Bxc8 Be7 41. Ne8+ Kc5 42. Ke2 h4 43. gxh4 Bxh4 44. Nc7 Bf6 45. h3 d3+ 46. Kxd3 Bxb2 47. Ne6+ Kd6 48. Nf8 Kc7 49. Ba6 Kd6 50. Nxg6 Ke6 51. Bc8+ Kf6 52. Nh4 f4 53. Ke4 Kg5 54. Ng2 Bc1 55. h4+ Kh5 56. Bg4+ Kh6 57. Nxf4 b5 58. Be6 b4 59. Kf5 Kg7 60. Nh5+ 1-0